000 00772aam a2200265 i 4500
001 419
003 CO-MdBIC
005 20210828121932.0
008 210828t2000 ck abeo| |||| 00| 0 eng d
020 _a958-693-021-1
040 _bspa.
_aCO-MdFUSB
_cCO-MdFUSB
_dCO-MdFUSBC
_erda
041 _aspa
082 0 4 _aR 912 N677a
245 1 0 _aAtlas siglo XXI / Periódicos Asociados Ltda., Editor
_c/
260 _aBogotá Colombia : Periódicos Asociados
264 1 _aBogotá Colombia :
_bPeriódicos Asociados Ltda.
_c[2000]
264 4 _c© 2000
300 _a232 Pag.
_c;
336 _2rdacontent
_atexto
_btxt
337 _2rdamedia
_asin mediación
_bn
338 _2rdacarrier
_avolumen
_bnc
653 _aAtlas
_asiglo XXl
942 _cBK
945 _aEstudiante
999 _c31949
_d31949